Money into property United Kingdom 2010 (Record no. 110725)
[ view plain ]
| 000 -LEADER | |
|---|---|
| fixed length control field | 01275cad a22002175a 4500 |
| 001 - CONTROL NUMBER | |
| control field | L150079 |
| 008 - FIXED-LENGTH DATA ELEMENTS--GENERAL INFORMATION | |
| fixed length control field | 100601s2010 xxkd f 000 0 eng d |
| 035 ## - SYSTEM CONTROL NUMBER | |
| System control number | (Sirsi) u150079 |
| 041 0# - LANGUAGE CODE | |
| Language code of text/sound track or separate title | eng |
| 050 04 - LIBRARY OF CONGRESS CALL NUMBER | |
| Classification number | 332.6324 $2 18 |
| 110 2# - MAIN ENTRY--CORPORATE NAME | |
| Corporate name or jurisdiction name as entry element | DTZ Research |
| 9 (RLIN) | 3886 |
| 245 00 - TITLE STATEMENT | |
| Title | Money into property United Kingdom 2010 |
| Remainder of title | why the worst is behind us |
| Medium | [electronic resource] |
| 260 ## - PUBLICATION, DISTRIBUTION, ETC. | |
| Place of publication, distribution, etc. | London |
| Name of publisher, distributor, etc. | DTZ Research |
| Date of publication, distribution, etc. | 2010 |
| 520 ## - SUMMARY, ETC. | |
| Summary, etc. | UK invested stock declined in 2009 by 3% in sterling terms, comparing favourably with an 8% fall in Europe and 6% US fall in local currency terms. UK private equity value slipped in 2009 to 23% below its 2007 level and public equity to more than 50% below the 2007 level. UK transaction volumes maintained their 2008 levels in 2009 whereas overall global transactions volumes fell by 35% in the same period. The UK outlook is more positive in 2010 with UK invested stock predicted to rise by 7.6% in 2010 before slowing to 2.6% growth in 2011. |
| 521 ## - TARGET AUDIENCE NOTE | |
| Target audience note | Advanced |
| 590 ## - LOCAL NOTE (RLIN) | |
| Local note | KA NTK |
| 651 #4 - SUBJECT ADDED ENTRY--GEOGRAPHIC NAME | |
| Geographic name | United Kingdom |
| Chronological subdivision | |
| 690 ## - LOCAL SUBJECT ADDED ENTRY--TOPICAL TERM (OCLC, RLIN) | |
| Topical term or geographic name as entry element | PROPERTY-COMMERCIAL PROPERTY-COMMERCIAL PROPERTY FINANCE AND INVESTMENT |
| 856 40 - ELECTRONIC LOCATION AND ACCESS | |
| Uniform Resource Identifier | <a href="https://www.dtz.com/Global/Research/Money+into+Property+2010+UK">https://www.dtz.com/Global/Research/Money+into+Property+2010+UK</a> |
| Public note | View the report free of charge at www.dtz.com... |
| 942 ## - ADDED ENTRY ELEMENTS (KOHA) | |
| Suppress in OPAC | 0 |
| Withdrawn status | Lost status | Source of classification or shelving scheme | Damaged status | Not for loan | Home library | Current library | Shelving location | Date acquired | Total Checkouts | Full call number | Barcode | Date last seen | Copy number | Price effective from | Koha item type |
|---|---|---|---|---|---|---|---|---|---|---|---|---|---|---|---|
| Dewey Decimal Classification | Virtual | Virtual | Online | 01/06/2010 | ONLINE PUBLICATION | 150079-2001 | 06/08/2019 | 1 | 06/08/2019 | Book |